Word of mouth a word of mouse v praxi bakalárska práca

Enregistré dans:
Détails bibliographiques
Auteur principal: Kotuľáková, Jana
Collectivité auteur: Obchodná fakulta EU. Katedra marketingu
Autres auteurs: Šilhárová, Marta
Format: Livre
Langue:slovaque
Publié: Bratislava 2014
Tags: Ajouter un tag
Pas de tags, Soyez le premier à ajouter un tag!

MARC

LEADER 00000nbm a2200000 4500
001 0188267
005 20170201101113.5
041 0 |a slo 
044 |a SK 
245 1 0 |a Word of mouth a word of mouse v praxi  |b bakalárska práca  |c Jana Kotuľáková ; školiteľ: Marta Šilhárová 
264 1 |a Bratislava  |c 2014 
300 |a 55 s. 
100 1 |a Kotuľáková, Jana 
700 1 |a Šilhárová, Marta 
710 2 |a Obchodná fakulta EU. Katedra marketingu